2024 NHL Entry Draft 1st Round Selections - Statistics

General Stats
  • This quiz has been taken 292 times
  • The average score is 17 of 32
Answer Stats
Pick Player Junior/CollegeTeam NHL Team % Correct
1 Macklin Celebrini Boston U SJ Sharks
99%
5 Ivan Demidov SKA 1946 Montréal Canadiens
91%
3 Beckett Sennecke Oshawa Generals Anaheim Ducks
86%
6 Tij Iginla Kelowna Rockets Utah HC
83%
4 Cayden Lindstrom Medicine Hat Columbus Blue Jackets
81%
2 Artyom Levshunov Michigan State Chicago Blackhawks
80%
9 Zayne Parekh Saginaw Spirit Calgary Flames
75%
11 Sam Dickinson London Knights SJ Sharks
74%
12 Zeev Buium University of Denver Minnesota Wild
70%
8 Berkly Catton Spokane Chiefs Seattle Kraken
69%
7 Carter Yakemchuk Calgary Hitmen Ottawa Senators
66%
21 Michael Hage Chicago Steel Montréal Canadiens
66%
20 Cole Eiserman USDP NY Islanders
64%
13 Jett Luchanko Guelph Storm Philadelphia Flyers
57%
14 Konsta Helenius Jukurit Buffalo Sabres
55%
10 Anton Silayev Torpedo Nizhny NJ Devils
54%
15 Michael Brandsegg-Nygard Mora IK Detroit Red Wings
52%
32 Sam O'Reilly London Knights Edmonton Oilers
46%
19 Trevor Connelly Tri City Storm LV Golden Knights
46%
16 Adam Jiricek HC Plzen St Louis Blues
44%
18 Sacha Boisvert Muskegon Lumberjacks Chicago Blackhawks
43%
25 Dean Letourneau St Andrew's College Boston Bruins
40%
31 Ben Danford Oshawa Generals Toronto Maple Leafs
37%
30 EJ Emery USDP NY Rangers
37%
26 Liam Greentree Windsor Spitfires LA Kings
37%
17 Terik Parascak Prince George Cougars Washington Capitals
34%
24 Cole Beaudoin Barrie Colts Utah HC
31%
29 Emil Hemming TPS Dallas Stars
31%
23 Stian Solberg Valerenga Anaheim Ducks
30%
22 Egor Surin Loko Yaroslavl Nashville Predators
25%
27 Marek Vanacker Brantford Bulldogs Chicago Blackhawks
23%
28 Matvei Gridin Muskegon Lumberjacks Calgary Flames
22%
No matching quizzes found
Score Distribution
Percent of People with Each Score
Percentile by Number Answered
Your Score History
You have not taken this quiz